[Event "EJCOA Forest Hall IM 2nd"]
[Site "Newcastle"]
[Date "2021.12.17"]
[Round "1.1"]
[White "Han, Yichen"]
[Black "Blackburn, Jonathan LB"]
[Result "1-0"]
[WhiteElo "2322"]
[BlackElo "2226"]
[PlyCount "47"]
[EventDate "2021.12.17"]
[EventType "tourn"]
[EventRounds "9"]
[EventCountry "ENG"]
[Tiebreak "Direct encounter+Number of wins+Koya"]
[SourceTitle "BritBase"]
[Source "John Saunders"]
[SourceDate "2021.06.05"]
[SourceVersion "1"]
[SourceVersionDate "2021.06.05"]
[SourceQuality "1"]

1. e4 e6 2. d4 d5 3. Nc3 Bb4 4. exd5 exd5 5. Bd3 Nf6 6. a3 Bxc3+ 7. bxc3 O-O 8.
Ne2 Bg4 9. O-O c5 10. dxc5 Nbd7 11. f3 Be6 12. Be3 Qe7 13. Re1 Nxc5 14. Bd4
Nfd7 15. Qd2 Nxd3 16. cxd3 Nc5 17. Rab1 b6 18. Ng3 Qd7 19. Bxg7 f6 20. Bxf8
Rxf8 21. d4 Na4 22. Re3 Bf7 23. Rbe1 Qd6 24. Re7 1-0

[Event "EJCOA Forest Hall IM 2nd"]
[Site "Newcastle"]
[Date "2021.12.17"]
[Round "1.2"]
[White "Claridge-Hansen, William"]
[Black "Czopor, Maciej"]
[Result "1/2-1/2"]
[WhiteElo "2296"]
[BlackElo "2422"]
[PlyCount "41"]
[EventDate "2021.12.17"]
[EventType "tourn"]
[EventRounds "9"]
[EventCountry "ENG"]
[Tiebreak "Direct encounter+Number of wins+Koya"]
[SourceTitle "BritBase"]
[Source "John Saunders"]
[SourceDate "2021.06.05"]
[SourceVersion "1"]
[SourceVersionDate "2021.06.05"]
[SourceQuality "1"]

1. c4 e5 2. g3 Nf6 3. Bg2 c6 4. d4 e4 5. d5 Bb4+ 6. Bd2 Qe7 7. Bxb4 Qxb4+ 8.
Nc3 Qxb2 9. Qb3 Qxa1+ 10. Kd2 Na6 11. Nh3 Nc5 12. Qc2 Qxh1 13. Bxh1 d6 14. Ng5
cxd5 15. cxd5 Bf5 16. Ngxe4 Kd8 17. g4 Bxe4 18. Nxe4 Nfxe4+ 19. Bxe4 Kc7 20. h4
h6 21. Bd3 1/2-1/2

[Event "EJCOA Forest Hall IM 2nd"]
[Site "Newcastle"]
[Date "2021.12.17"]
[Round "1.3"]
[White "Kanyamarala, Tarun"]
[Black "Willow, Jonah B"]
[Result "1/2-1/2"]
[WhiteElo "2377"]
[BlackElo "2381"]
[PlyCount "29"]
[EventDate "2021.12.17"]
[EventType "tourn"]
[EventRounds "9"]
[EventCountry "ENG"]
[Tiebreak "Direct encounter+Number of wins+Koya"]
[SourceTitle "BritBase"]
[Source "John Saunders"]
[SourceDate "2021.06.05"]
[SourceVersion "1"]
[SourceVersionDate "2021.06.05"]
[SourceQuality "1"]

1. d4 Nf6 2. c4 e6 3. Nc3 Bb4 4. e3 c5 5. Nge2 b6 6. a3 Ba5 7. Bd2 O-O 8. f3 d5
9. b4 cxb4 10. Nxd5 exd5 11. axb4 Bxb4 12. Bxb4 Re8 13. Qd2 dxc4 14. e4 a5 15.
Bc3 1/2-1/2

[Event "EJCOA Forest Hall IM 2nd"]
[Site "Newcastle"]
[Date "2021.12.17"]
[Round "1.4"]
[White "Eggleston, David J"]
[Black "Bradbury, Neil H"]
[Result "1-0"]
[WhiteElo "2349"]
[BlackElo "2241"]
[PlyCount "51"]
[EventDate "2021.12.17"]
[EventType "tourn"]
[EventRounds "9"]
[EventCountry "ENG"]
[Tiebreak "Direct encounter+Number of wins+Koya"]
[SourceTitle "BritBase"]
[Source "John Saunders"]
[SourceDate "2021.06.05"]
[SourceVersion "1"]
[SourceVersionDate "2021.06.05"]
[SourceQuality "1"]

1. e4 c5 2. Nf3 e6 3. d4 cxd4 4. Nxd4 Nc6 5. Nc3 Qc7 6. Be3 a6 7. Qd2 Nf6 8. f3
Be7 9. O-O-O O-O 10. g4 b5 11. g5 Nh5 12. Kb1 Bb7 13. Nxc6 Bxc6 14. Bh3 g6 15.
Bg4 Ng7 16. Nd5 exd5 17. exd5 Bb7 18. d6 Bxd6 19. Qxd6 Qxd6 20. Rxd6 Rfe8 21.
Rxd7 Bc8 22. Rd3 Nf5 23. Bf4 Be6 24. b3 a5 25. Re1 a4 26. Re5 1-0

[Event "EJCOA Forest Hall IM 2nd"]
[Site "Newcastle"]
[Date "2021.12.17"]
[Round "1.5"]
[White "O'Gorman, Tom"]
[Black "Wadsworth, Matthew J"]
[Result "0-1"]
[WhiteElo "2381"]
[BlackElo "2420"]
[PlyCount "40"]
[EventDate "2021.12.17"]
[EventType "tourn"]
[EventRounds "9"]
[EventCountry "ENG"]
[Tiebreak "Direct encounter+Number of wins+Koya"]
[SourceTitle "BritBase"]
[Source "John Saunders"]
[SourceDate "2021.06.05"]
[SourceVersion "1"]
[SourceVersionDate "2021.06.05"]
[SourceQuality "1"]

1. d4 d5 2. c4 c6 3. cxd5 cxd5 4. Nc3 Nf6 5. Bf4 Nc6 6. e3 Bf5 7. Qb3 Na5 8.
Qa4+ Bd7 9. Qc2 e6 10. Bd3 Bb4 11. a3 Bxc3+ 12. Qxc3 Rc8 13. Qb4 Qb6 14. Ne2
Nc4 15. Qxb6 axb6 16. Rb1 Ke7 17. f3 Nh5 18. Kf2 Nxf4 19. Nxf4 Nd6 20. Rbc1 Rc6
0-1

[Event "EJCOA Forest Hall IM 2nd"]
[Site "Newcastle"]
[Date "2021.12.18"]
[Round "2.2"]
[White "Bradbury, Neil H"]
[Black "O'Gorman, Tom"]
[Result "1-0"]
[WhiteElo "2241"]
[BlackElo "2381"]
[PlyCount "40"]
[EventDate "2021.12.17"]
[EventType "tourn"]
[EventRounds "9"]
[EventCountry "ENG"]
[Tiebreak "Direct encounter+Number of wins+Koya"]
[SourceTitle "BritBase"]
[Source "John Saunders"]
[SourceDate "2021.06.05"]
[SourceVersion "1"]
[SourceVersionDate "2021.06.05"]
[SourceQuality "1"]

1. c4 e5 2. g3 Nf6 3. Bg2 c6 4. d4 e4 5. d5 Bb4+ 6. Bd2 Qe7 7. Bxb4 Qxb4+ 8.
Nc3 Qxb2 9. Qb3 Qxa1+ 10. Kd2 Na6 11. Nh3 Nc5 12. Qc2 Qxh1 13. Bxh1 d6 14. Ng5
cxd5 15. cxd5 Bf5 16. Ngxe4 Kd8 17. g4 Bxe4 18. Nxe4 Nfxe4+ 19. Bxe4 Kc7 20. h4
h6 1-0

[Event "EJCOA Forest Hall IM 2nd"]
[Site "Newcastle"]
[Date "2021.12.18"]
[Round "3.1"]
[White "Claridge-Hansen, William"]
[Black "Blackburn, Jonathan LB"]
[Result "1-0"]
[WhiteElo "2296"]
[BlackElo "2226"]
[PlyCount "61"]
[EventDate "2021.12.17"]
[EventType "tourn"]
[EventRounds "9"]
[EventCountry "ENG"]
[Tiebreak "Direct encounter+Number of wins+Koya"]
[SourceTitle "BritBase"]
[Source "John Saunders"]
[SourceDate "2021.06.05"]
[SourceVersion "1"]
[SourceVersionDate "2021.06.05"]
[SourceQuality "1"]

1. d4 e6 2. g3 Nf6 3. Bg2 c5 4. Nf3 cxd4 5. O-O Nc6 6. Nxd4 Nxd4 7. Qxd4 Qc7 8.
c4 Bc5 9. Qd3 a6 10. Bf4 d6 11. a3 e5 12. Bg5 Ng4 13. Nc3 Be6 14. Nd5 Bxd5 15.
Qxd5 Rb8 16. Qf3 Qd7 17. Rad1 h6 18. Bc1 f5 19. b4 Bd4 20. Qd3 O-O 21. h3 Nf6
22. e3 Ba7 23. Qxd6 Qxd6 24. Rxd6 e4 25. Bb2 Rbc8 26. c5 Ne8 27. Rd7 Rf7 28.
Rfd1 Rxd7 29. Rxd7 Rc7 30. Rd8 Kf7 31. Bd4 1-0

[Event "EJCOA Forest Hall IM 2nd"]
[Site "Newcastle"]
[Date "2021.12.18"]
[Round "3.2"]
[White "Kanyamarala, Tarun"]
[Black "Han, Yichen"]
[Result "1-0"]
[WhiteElo "2377"]
[BlackElo "2322"]
[PlyCount "73"]
[EventDate "2021.12.17"]
[EventType "tourn"]
[EventRounds "9"]
[EventCountry "ENG"]
[Tiebreak "Direct encounter+Number of wins+Koya"]
[SourceTitle "BritBase"]
[Source "John Saunders"]
[SourceDate "2021.06.05"]
[SourceVersion "1"]
[SourceVersionDate "2021.06.05"]
[SourceQuality "1"]

1. d4 d5 2. c4 c6 3. Nf3 Nf6 4. Qb3 dxc4 5. Qxc4 Bg4 6. Nbd2 Nbd7 7. g3 e6 8.
Bg2 Be7 9. O-O O-O 10. Qb3 Nb6 11. e3 a5 12. a4 Bb4 13. Ne5 Bh5 14. Re1 Bg6 15.
Nxg6 hxg6 16. Rd1 Qd6 17. Nb1 e5 18. Nc3 Rfd8 19. Na2 e4 20. Nxb4 Qxb4 21. Qxb4
axb4 22. b3 Nbd5 23. Bd2 b6 24. Rdc1 Rdc8 25. f3 Nc3 26. Bxc3 exf3 27. Bh3 bxc3
28. Bxc8 Rxc8 29. Rxc3 g5 30. b4 Nd5 31. Rb3 c5 32. bxc5 bxc5 33. dxc5 Nf6 34.
Rc1 Ne4 35. Rb2 Kf8 36. c6 Ke7 37. a5 1-0

[Event "EJCOA Forest Hall IM 2nd"]
[Site "Newcastle"]
[Date "2021.12.18"]
[Round "3.3"]
[White "Eggleston, David J"]
[Black "Czopor, Maciej"]
[Result "1/2-1/2"]
[WhiteElo "2349"]
[BlackElo "2422"]
[PlyCount "39"]
[EventDate "2021.12.17"]
[EventType "tourn"]
[EventRounds "9"]
[EventCountry "ENG"]
[Tiebreak "Direct encounter+Number of wins+Koya"]
[SourceTitle "BritBase"]
[Source "John Saunders"]
[SourceDate "2021.06.05"]
[SourceVersion "1"]
[SourceVersionDate "2021.06.05"]
[SourceQuality "1"]

1. e4 c5 2. Nf3 d6 3. d4 cxd4 4. Nxd4 Nf6 5. Nc3 a6 6. Be2 e6 7. O-O Be7 8. f4
Qc7 9. a4 Nc6 10. Be3 O-O 11. Qe1 Nxd4 12. Bxd4 e5 13. fxe5 dxe5 14. Qg3 Bc5
15. Bxc5 Qxc5+ 16. Kh1 Kh8 17. Rxf6 gxf6 18. Qh4 Rg8 19. Qxf6+ Rg7 20. Qd8+
1/2-1/2

[Event "EJCOA Forest Hall IM 2nd"]
[Site "Newcastle"]
[Date "2021.12.18"]
[Round "3.4"]
[White "O'Gorman, Tom"]
[Black "Willow, Jonah B"]
[Result "0-1"]
[WhiteElo "2381"]
[BlackElo "2381"]
[PlyCount "52"]
[EventDate "2021.12.17"]
[EventType "tourn"]
[EventRounds "9"]
[EventCountry "ENG"]
[Tiebreak "Direct encounter+Number of wins+Koya"]
[SourceTitle "BritBase"]
[Source "John Saunders"]
[SourceDate "2021.06.05"]
[SourceVersion "1"]
[SourceVersionDate "2021.06.05"]
[SourceQuality "1"]

1. e4 e5 2. Nf3 Nc6 3. Nc3 Nf6 4. Be2 d5 5. exd5 Nxd5 6. O-O Nxc3 7. bxc3 Bd6
8. d4 exd4 9. cxd4 O-O 10. Rb1 h6 11. c4 b6 12. Be3 Bf5 13. Bd3 Qf6 14. c5 Bf4
15. Bxf5 Qxf5 16. Qa4 Ne7 17. Bxf4 Qxf4 18. Rbe1 Nf5 19. Re5 Rad8 20. Rd1 b5
21. Qb4 Nh4 22. Qb3 Nxf3+ 23. Qxf3 Rd6 24. d5 Rxd5 25. Rexd5 Qxf3 26. gxf3 Re8
0-1

[Event "EJCOA Forest Hall IM 2nd"]
[Site "Newcastle"]
[Date "2021.12.18"]
[Round "3.5"]
[White "Wadsworth, Matthew J"]
[Black "Bradbury, Neil H"]
[Result "1-0"]
[WhiteElo "2420"]
[BlackElo "2241"]
[PlyCount "133"]
[EventDate "2021.12.17"]
[EventType "tourn"]
[EventRounds "9"]
[EventCountry "ENG"]
[Tiebreak "Direct encounter+Number of wins+Koya"]
[SourceTitle "BritBase"]
[Source "John Saunders"]
[SourceDate "2021.06.05"]
[SourceVersion "1"]
[SourceVersionDate "2021.06.05"]
[SourceQuality "1"]

1. c4 b6 2. g3 Bb7 3. Nf3 Nf6 4. Bg2 e6 5. b3 Be7 6. Bb2 O-O 7. O-O d5 8. e3 c5
9. Nc3 Nbd7 10. Qe2 Re8 11. Rfd1 Rc8 12. cxd5 exd5 13. d4 Qc7 14. Rac1 Qb8 15.
Bh3 Rcd8 16. Bg2 Bf8 17. Qc2 h6 18. Qb1 a6 19. Ne2 c4 20. Ne5 b5 21. bxc4 bxc4
22. Bc3 Qc7 23. Nxd7 Qxd7 24. Bb4 Bc6 25. Bxf8 Rxf8 26. Nc3 Rb8 27. Qc2 Rb4 28.
Rb1 Rfb8 29. Rxb4 Rxb4 30. Rb1 Qb7 31. Rxb4 Qxb4 32. Bf3 a5 33. Qc1 Qb7 34. Kg2
Qb4 35. h3 h5 36. a3 Qb3 37. Bd1 Qb6 38. Qb1 Qc7 39. Bf3 Qd6 40. Qb2 Qc7 41.
Nb1 g6 42. Qc3 Kg7 43. Nd2 Qb6 44. g4 hxg4 45. hxg4 g5 46. Be2 Bd7 47. f3 Bc6
48. Bd1 Bb7 49. Bc2 Qe6 50. Nf1 Qb6 51. Ng3 Bc8 52. Nh1 Be6 53. Nf2 Ne8 54. e4
f6 55. e5 fxe5 56. Qe3 Qxd4 57. Qxg5+ Kf8 58. Qh6+ Ke7 59. Qg5+ Kf8 60. Ba4 c3
61. Qh6+ Ng7 62. Qf6+ Bf7 63. Qd6+ Kg8 64. Qd8+ Kh7 65. Bc2+ e4 66. Bxe4+ Bg6
67. Qh4+ 1-0

[Event "EJCOA Forest Hall IM 2nd"]
[Site "Newcastle"]
[Date "2021.12.19"]
[Round "4.1"]
[White "Blackburn, Jonathan LB"]
[Black "Bradbury, Neil H"]
[Result "1-0"]
[WhiteElo "2226"]
[BlackElo "2241"]
[PlyCount "77"]
[EventDate "2021.12.17"]
[EventType "tourn"]
[EventRounds "9"]
[EventCountry "ENG"]
[Tiebreak "Direct encounter+Number of wins+Koya"]
[SourceTitle "BritBase"]
[Source "John Saunders"]
[SourceDate "2021.06.05"]
[SourceVersion "1"]
[SourceVersionDate "2021.06.05"]
[SourceQuality "1"]

1. d4 Nf6 2. c4 e6 3. Nc3 Bb4 4. e3 O-O 5. Bd2 d5 6. Nf3 c5 7. a3 Bxc3 8. Bxc3
cxd4 9. Bxd4 Nc6 10. Bc5 Re8 11. cxd5 Nxd5 12. e4 Nf4 13. g3 Ng6 14. Qxd8 Rxd8
15. Rd1 Rxd1+ 16. Kxd1 b6 17. Be3 Bb7 18. Nd2 Rd8 19. f4 Nd4 20. Kc1 e5 21. Bc4
exf4 22. gxf4 b5 23. Bd3 Nf5 24. Re1 Nxe3 25. Rxe3 a6 26. f5 Ne5 27. Be2 Rc8+
28. Kd1 Kf8 29. b4 Ke7 30. Nb3 Nc4 31. Bxc4 Rxc4 32. Nc5 Bc8 33. Kd2 a5 34. Rc3
Rxc3 35. Kxc3 a4 36. Kd4 f6 37. Kd5 g6 38. fxg6 hxg6 39. Kc6 1-0

[Event "EJCOA Forest Hall IM 2nd"]
[Site "Newcastle"]
[Date "2021.12.19"]
[Round "4.2"]
[White "Willow, Jonah B"]
[Black "Wadsworth, Matthew J"]
[Result "0-1"]
[WhiteElo "2381"]
[BlackElo "2420"]
[PlyCount "86"]
[EventDate "2021.12.17"]
[EventType "tourn"]
[EventRounds "9"]
[EventCountry "ENG"]
[Tiebreak "Direct encounter+Number of wins+Koya"]
[SourceTitle "BritBase"]
[Source "John Saunders"]
[SourceDate "2021.06.05"]
[SourceVersion "1"]
[SourceVersionDate "2021.06.05"]
[SourceQuality "1"]

1. e4 c5 2. Nf3 e6 3. d4 cxd4 4. Nxd4 Nc6 5. Nc3 Qc7 6. Be3 a6 7. Qf3 Ne5 8.
Qg3 h5 9. f4 h4 10. Qh3 Nc4 11. Bxc4 Qxc4 12. O-O-O b5 13. Kb1 Bb7 14. Rhe1 Nf6
15. e5 Ne4 16. Nxe4 Bxe4 17. Bc1 Bd5 18. b3 Qc5 19. Qd3 Rc8 20. Bb2 Be7 21. f5
Rh5 22. f6 Bf8 23. g4 hxg3 24. fxg7 Bxg7 25. Qxg3 Qf8 26. Re2 Qh8 27. Rg1 Bf8
28. Rf2 Be4 29. Rgf1 Bg6 30. Rf6 Qh7 31. Qf3 Bxc2+ 32. Ka1 Be4 33. Qf4 Rh4 34.
Qg3 Rxh2 35. Qe1 Bg6 36. Qa5 Rxb2 37. Qxa6 Rd8 38. Nxb5 Rc2 39. R6f2 Be7 40.
Rxc2 Bxc2 41. Rc1 Qe4 42. Nc7+ Kf8 43. Qa5 Qd4+ 0-1

[Event "EJCOA Forest Hall IM 2nd"]
[Site "Newcastle"]
[Date "2021.12.19"]
[Round "4.3"]
[White "Czopor, Maciej"]
[Black "O'Gorman, Tom"]
[Result "1-0"]
[WhiteElo "2422"]
[BlackElo "2381"]
[PlyCount "67"]
[EventDate "2021.12.17"]
[EventType "tourn"]
[EventRounds "9"]
[EventCountry "ENG"]
[Tiebreak "Direct encounter+Number of wins+Koya"]
[SourceTitle "BritBase"]
[Source "John Saunders"]
[SourceDate "2021.06.05"]
[SourceVersion "1"]
[SourceVersionDate "2021.06.05"]
[SourceQuality "1"]

1. e4 c5 2. Nf3 d6 3. d4 cxd4 4. Nxd4 Nf6 5. Nc3 a6 6. h3 e6 7. g4 Nfd7 8. g5
b5 9. a3 Bb7 10. Be3 Nb6 11. h4 N8d7 12. h5 Ne5 13. f4 Nec4 14. Bc1 e5 15. Nf5
Rc8 16. Rh3 g6 17. hxg6 fxg6 18. b3 Na5 19. Nh4 Rg8 20. Bb2 exf4 21. Qg4 Qd7
22. Qxf4 Nc6 23. O-O-O Ne5 24. Nf3 Qf7 25. Qe3 Nbd7 26. Be2 Kd8 27. Nxe5 dxe5
28. Qb6+ Rc7 29. Nxb5 axb5 30. Bxe5 Bxa3+ 31. Kb1 Ke8 32. Qxc7 Qe6 33. Rxh7
Bxe4 34. Qc8# 1-0

[Event "EJCOA Forest Hall IM 2nd"]
[Site "Newcastle"]
[Date "2021.12.19"]
[Round "4.4"]
[White "Han, Yichen"]
[Black "Eggleston, David J"]
[Result "1-0"]
[WhiteElo "2322"]
[BlackElo "2349"]
[PlyCount "66"]
[EventDate "2021.12.17"]
[EventType "tourn"]
[EventRounds "9"]
[EventCountry "ENG"]
[Tiebreak "Direct encounter+Number of wins+Koya"]
[SourceTitle "BritBase"]
[Source "John Saunders"]
[SourceDate "2021.06.05"]
[SourceVersion "1"]
[SourceVersionDate "2021.06.05"]
[SourceQuality "1"]

1. e4 c5 2. Nf3 d6 3. d4 Nf6 4. Nc3 cxd4 5. Nxd4 a6 6. Bg5 e6 7. f4 Be7 8. Qf3
Qc7 9. O-O-O Nbd7 10. g4 b5 11. Bxf6 Nxf6 12. g5 Nd7 13. f5 O-O 14. Rg1 b4 15.
Nce2 e5 16. f6 exd4 17. fxe7 Re8 18. e5 Rb8 19. g6 hxg6 20. e6 fxe6 21. Nf4 Ne5
22. Qg3 Qxe7 23. Nxg6 Nxg6 24. Qxg6 Qf7 25. Qh6 Rf8 26. Kb1 Qf6 27. Rg6 Qe5 28.
Bd3 Rb7 29. Rdg1 Rf2 30. R6g5 Rxh2 31. Qg6 Qf4 32. Rf1 Rf2 33. Qh7+ Kf7 1-0

[Event "EJCOA Forest Hall IM 2nd"]
[Site "Newcastle"]
[Date "2021.12.19"]
[Round "4.5"]
[White "Claridge-Hansen, William"]
[Black "Kanyamarala, Tarun"]
[Result "1/2-1/2"]
[WhiteElo "2296"]
[BlackElo "2377"]
[PlyCount "119"]
[EventDate "2021.12.17"]
[EventType "tourn"]
[EventRounds "9"]
[EventCountry "ENG"]
[Tiebreak "Direct encounter+Number of wins+Koya"]
[SourceTitle "BritBase"]
[Source "John Saunders"]
[SourceDate "2021.06.05"]
[SourceVersion "1"]
[SourceVersionDate "2021.06.05"]
[SourceQuality "1"]

1. c4 e6 2. g3 d5 3. Bg2 Nf6 4. Nf3 d4 5. d3 c5 6. e4 Nc6 7. e5 Nd7 8. Bf4 Be7
9. h4 Qc7 10. Qe2 b6 11. Nbd2 Bb7 12. O-O h6 13. g4 O-O-O 14. Bg3 Rdg8 15. Rae1
Qd8 16. Bh3 Nf8 17. Ne4 Ng6 18. h5 Nf8 19. Nfd2 g6 20. Kh2 gxh5 21. gxh5 Rg7
22. Rg1 Nd7 23. f4 Rhg8 24. Nf3 Nf8 25. Rg2 Kb8 26. Reg1 Ka8 27. Be1 Rxg2+ 28.
Rxg2 Rxg2+ 29. Bxg2 f5 30. exf6 Bxf6 31. Nxf6 Qxf6 32. Ne5 Nxe5 33. fxe5 Qf5
34. Bh3 Qf4+ 35. Bg3 Qc1 36. Qf1 Qxb2+ 37. Qf2 Qxf2+ 38. Bxf2 Nh7 39. Bh4 Bf3
40. Bxe6 Bxh5 41. Bg8 Nf8 42. e6 Ng6 43. Bf6 Nf4 44. Bf7 Kb7 45. Bxh5 Nxh5 46.
Be5 Kc8 47. Kh3 b5 48. cxb5 c4 49. dxc4 d3 50. Bc3 Nf6 51. Bd2 Ne4 52. Bxh6 d2
53. Bxd2 Nxd2 54. c5 Ne4 55. b6 Ng5+ 56. Kg4 Nxe6 57. bxa7 Kb7 58. c6+ Kxa7 59.
Kf5 Nd4+ 60. Ke4 1/2-1/2

[Event "EJCOA Forest Hall IM 2nd"]
[Site "Newcastle"]
[Date "2021.12.19"]
[Round "5.1"]
[White "Kanyamarala, Tarun"]
[Black "Blackburn, Jonathan LB"]
[Result "1-0"]
[WhiteElo "2377"]
[BlackElo "2226"]
[PlyCount "161"]
[EventDate "2021.12.17"]
[EventType "tourn"]
[EventRounds "9"]
[EventCountry "ENG"]
[Tiebreak "Direct encounter+Number of wins+Koya"]
[SourceTitle "BritBase"]
[Source "John Saunders"]
[SourceDate "2021.06.05"]
[SourceVersion "1"]
[SourceVersionDate "2021.06.05"]
[SourceQuality "1"]

1. e4 e6 2. d3 d5 3. Qe2 Nc6 4. Nf3 dxe4 5. dxe4 e5 6. g3 Bg4 7. c3 h6 8. Bg2
Qd7 9. O-O O-O-O 10. b4 Qd3 11. Qxd3 Rxd3 12. Be3 f6 13. Rc1 g5 14. Nbd2 h5 15.
h4 gxh4 16. Nxh4 Bh6 17. Nc4 Be6 18. Bxh6 Nxh6 19. Ne3 Ne7 20. Bf1 Rd2 21. Nc4
Rdd8 22. Rd1 Ng4 23. a4 Rdg8 24. Nd2 Ng6 25. Ndf3 Ne7 26. Bh3 Kb8 27. Rd2 Bc8
28. Bf1 Be6 29. a5 Nc8 30. Rb2 Nd6 31. Nd2 Rc8 32. Bh3 Rce8 33. Bf1 Rc8 34. Re1
Rhg8 35. Bh3 Rce8 36. Nb3 Bc8 37. Bf1 b6 38. axb6 cxb6 39. Rd2 Rd8 40. Red1 Kc7
41. Ra1 Kb8 42. Rda2 Rg7 43. Nd2 Be6 44. Rc2 Rc8 45. c4 Nb5 46. Ndf3 Rd7 47.
Nf5 Bxf5 48. exf5 Nh6 49. c5 Nd4 50. Nxd4 Rxd4 51. Rca2 Rxb4 52. cxb6 Rxb6 53.
Rxa7 Rc3 54. Rh7 Nxf5 55. Bg2 Rcc6 56. Bxc6 Rxc6 57. Raa7 Nd4 58. Raf7 f5 59.
Rxh5 Rc7 60. Rxc7 Kxc7 61. Rh6 Kd7 62. Kf1 Ne6 63. Ke2 Kd6 64. Kd3 Kd5 65. Rh5
Nd4 66. Rh7 Ke6 67. Ra7 Kf6 68. Kc4 Nf3 69. Kd5 e4 70. Ra8 Kg5 71. Rg8+ Kf6 72.
Rf8+ Kg5 73. Rg8+ Kf6 74. Kd6 Kf7 75. Ra8 Kf6 76. Rf8+ Kg5 77. Ke7 Kg4 78. Rg8+
Ng5 79. Kf6 Kf3 80. Kxg5 Kxf2 81. Kf4 1-0

[Event "EJCOA Forest Hall IM 2nd"]
[Site "Newcastle"]
[Date "2021.12.19"]
[Round "5.2"]
[White "Eggleston, David J"]
[Black "Claridge-Hansen, William"]
[Result "1/2-1/2"]
[WhiteElo "2349"]
[BlackElo "2296"]
[PlyCount "63"]
[EventDate "2021.12.17"]
[EventType "tourn"]
[EventRounds "9"]
[EventCountry "ENG"]
[Tiebreak "Direct encounter+Number of wins+Koya"]
[SourceTitle "BritBase"]
[Source "John Saunders"]
[SourceDate "2021.06.05"]
[SourceVersion "1"]
[SourceVersionDate "2021.06.05"]
[SourceQuality "1"]

1. e4 d5 2. exd5 Qxd5 3. Nc3 Qd6 4. d4 Nf6 5. Nf3 c6 6. Ne5 Nbd7 7. Bf4 Nd5 8.
Nxd5 Qxd5 9. Nc4 Qe4+ 10. Be3 g6 11. Nd2 Qf5 12. Bd3 Qa5 13. O-O Bg7 14. c3 O-O
15. Bf4 e5 16. Nc4 Qc7 17. Nxe5 Nxe5 18. Qe2 Re8 19. Rfe1 f6 20. dxe5 fxe5 21.
Bg3 Bf5 22. Rad1 Rad8 23. h4 Qc8 24. Bc4+ Kh8 25. Rxd8 Qxd8 26. Rd1 Qe7 27. h5
Qg5 28. hxg6 hxg6 29. Qd2 Qxd2 30. Rxd2 Bf6 31. Rd6 Kg7 32. Be2 1/2-1/2

[Event "EJCOA Forest Hall IM 2nd"]
[Site "Newcastle"]
[Date "2021.12.19"]
[Round "5.3"]
[White "O'Gorman, Tom"]
[Black "Han, Yichen"]
[Result "1-0"]
[WhiteElo "2381"]
[BlackElo "2322"]
[PlyCount "117"]
[EventDate "2021.12.17"]
[EventType "tourn"]
[EventRounds "9"]
[EventCountry "ENG"]
[Tiebreak "Direct encounter+Number of wins+Koya"]
[SourceTitle "BritBase"]
[Source "John Saunders"]
[SourceDate "2021.06.05"]
[SourceVersion "1"]
[SourceVersionDate "2021.06.05"]
[SourceQuality "1"]

1. e4 c5 2. Nf3 e6 3. d4 cxd4 4. Nxd4 Nc6 5. Nc3 Qc7 6. Be3 a6 7. Qf3 Bd6 8.
O-O-O Be5 9. Be2 Nge7 10. Qg4 O-O 11. Kb1 Nxd4 12. Bxd4 Bxd4 13. Rxd4 d5 14.
exd5 e5 15. Rc4 Qd6 16. Qh5 Nxd5 17. Rd1 Nxc3+ 18. Rxc3 Qe7 19. Re3 Be6 20.
Qxe5 Rfe8 21. b3 Qf8 22. Qd6 Rad8 23. Qxf8+ Kxf8 24. Rxd8 Rxd8 25. Rd3 Rc8 26.
Bf3 Rc7 27. Kb2 Ke7 28. Rd4 b5 29. a4 Rc5 30. Be4 Bd7 31. axb5 axb5 32. Rd5 Rc7
33. Bd3 b4 34. Rd4 Rb7 35. Kc1 g6 36. Kd2 Be6 37. Ke3 h5 38. Kf4 Rb6 39. h4 Rb7
40. f3 Rb6 41. g4 hxg4 42. fxg4 Kf6 43. g5+ Ke7 44. Ke5 Rb8 45. Rf4 Rb6 46. Bc4
Bxc4 47. bxc4 Re6+ 48. Kd5 Rd6+ 49. Kc5 Rd2 50. Kxb4 Rxc2 51. Kb5 Rc1 52. c5
Ke6 53. Rc4 Rb1+ 54. Kc6 Ke5 55. Kd7 Kd5 56. Rc2 Rb7+ 57. Ke8 Rc7 58. c6 Kd6
59. Kd8 1-0

[Event "EJCOA Forest Hall IM 2nd"]
[Site "Newcastle"]
[Date "2021.12.19"]
[Round "5.4"]
[White "Wadsworth, Matthew J"]
[Black "Czopor, Maciej"]
[Result "1-0"]
[WhiteElo "2420"]
[BlackElo "2422"]
[PlyCount "65"]
[EventDate "2021.12.17"]
[EventType "tourn"]
[EventRounds "9"]
[EventCountry "ENG"]
[Tiebreak "Direct encounter+Number of wins+Koya"]
[SourceTitle "BritBase"]
[Source "John Saunders"]
[SourceDate "2021.06.05"]
[SourceVersion "1"]
[SourceVersionDate "2021.06.05"]
[SourceQuality "1"]

1. c4 e5 2. g3 Nf6 3. Bg2 c6 4. d4 e4 5. Nc3 d5 6. cxd5 cxd5 7. Bg5 Bb4 8. Rc1
Nbd7 9. Nh3 O-O 10. O-O h6 11. Nxd5 hxg5 12. Nxb4 g4 13. Nf4 a5 14. Nbd5 g5 15.
Nc7 gxf4 16. Nxa8 f3 17. exf3 exf3 18. Bxf3 gxf3 19. Qxf3 Kg7 20. Nc7 Rh8 21.
Nd5 b6 22. Ne3 Nf8 23. Rxc8 Qxc8 24. Nf5+ Kh7 25. Qf4 Ng4 26. Qxg4 Ng6 27. Qg5
Qf8 28. Re1 Kg8 29. Ne7+ Kg7 30. Nxg6 fxg6 31. Re7+ Kg8 32. Qd5+ Qf7 33. Qxf7#
1-0

[Event "EJCOA Forest Hall IM 2nd"]
[Site "Newcastle"]
[Date "2021.12.19"]
[Round "5.5"]
[White "Bradbury, Neil H"]
[Black "Willow, Jonah B"]
[Result "0-1"]
[WhiteElo "2241"]
[BlackElo "2381"]
[PlyCount "46"]
[EventDate "2021.12.17"]
[EventType "tourn"]
[EventRounds "9"]
[EventCountry "ENG"]
[Tiebreak "Direct encounter+Number of wins+Koya"]
[SourceTitle "BritBase"]
[Source "John Saunders"]
[SourceDate "2021.06.05"]
[SourceVersion "1"]
[SourceVersionDate "2021.06.05"]
[SourceQuality "1"]

1. d4 Nf6 2. c4 e6 3. Nf3 d5 4. g3 dxc4 5. Bg2 Bb4+ 6. Bd2 a5 7. O-O O-O 8. Qc2
Bxd2 9. Nbxd2 b5 10. a4 c6 11. Rfd1 Na6 12. Ne5 Nb4 13. Qc1 Nfd5 14. Ne4 f6 15.
Nf3 Qe7 16. Nc3 Bd7 17. Ne1 Nxc3 18. bxc3 Nd5 19. e4 Nb6 20. axb5 cxb5 21. Qe3
Rfb8 22. Nc2 b4 23. Bf1 Ba4 0-1